Responses for show #6821 - Monday, April 21, 2014

Julia Collins game 1.

Contestants

Kris Voss, a doctoral student from Durham, North Carolina

Julia Collins, a supply chain professional from Kenilworth, Illinois

Frédérique Delaprée, a foreign service officer from Ottawa, Ontario, Canada (whose 2-day cash winnings total $20,800)

Jeopardy! Round responses

ABOARD "SHIP"
THE CAPTAIN
THE CREW
THE FIRST MATE
THE SALE MAKER
HIGGS, BOSUN
    $200 1
censorship

Frédérique
    $200 6
the Texas Rangers

Frédérique
    $200 11
the Merry Men

Julia
    $200 26
[The end-of-round signal sounds.]

Madonna

Julia
    $200 21
(Alex: Right, with less than a minute to go.)

Richard Branson

Frédérique
    $200 16
boatswain

Julia
    $400 2
(Kris: I'm... sorry.)

penmanship

JuliaKris
    $400 7
the Salvation Army

Triple Stumper
    $400 12
gang

Julia
    $400 22
Wrigley

Frédérique
    $400 17
the Merchant Marine

Julia
    $600 3
marksmanship

Julia
    $500 8
(Frederique: What is Nicaragua?)

Panama

Frédérique
    $600 13
(Julia: What is mob?)

posse

Julia
Triple Stumper
    $600 23
L.L. Bean

Frédérique
    $600 18
deckhands

Triple Stumper
    $800 4
an internship

Julia
    $800 9
Henry Hudson

Triple Stumper
    $800 14
(Kris: What are the Huskies?)

the Wolfpack

Kris
Triple Stumper
    $800 24
Ron Popeil

Frédérique
    $800 19
rigging

Triple Stumper
    $1000 5
sportsmanship

Frédérique
    $1000 10
Princess Anne

Frédérique
    $1000 15
(Julia: Who is Henry IV?)

Henry V

JuliaKris
    $1000 25
National Cash Register

Triple Stumper
    $1000 20
the hull

Kris

Scores at the first commercial break (after clue 15):

Frédérique Julia Kris
$1,900 $800 -$200

Scores at the end of the Jeopardy! Round:

Frédérique Julia Kris
$3,900 $1,600 $800

Double Jeopardy! Round responses

PLAYS & PLAYWRIGHTS
LESS-THAN-GENTEEL MEN OF HISTORY
MAN CANDY
(Alex: In honor of National Park Week, we'll deal with...)
THE NATIONAL PARK SYSTEM
12+-LETTER WORDS
THAT '70s SONG
    $400 26
Death of a Salesman

Julia
    $400 21
Pol Pot

Kris
    $400 6
Mr. Goodbar

Frédérique
    $400 11
a glacier

Kris
    $400 13
a kaleidoscope

Julia
    $400 1
"Stayin' Alive"

Julia
    $800 27
The Glass Menagerie

Julia
    $800 22
Blackbeard (Edward Teach)

Triple Stumper
    $800 7
Whitman

Frédérique
    $800 12
(Frederique: What is Gettysburg?)

Little Big Horn

Frédérique
Triple Stumper
    $800 14
(Kris: What is, uh, nearsighted?)

bespectacled

Kris
Triple Stumper
    $800 2
"American Pie"

Frédérique
    $1200 28
[The end-of-round signal sounds.]

The Frogs

Julia
    $1200 23
the Zulu Empire

Kris
    $1200 8
Mike & Ike

Triple Stumper
    $1200 15
Hatteras

Frédérique
    $1200 18
(Alex: That's a concession stand, so he's a [*].)

concessionaire

Triple Stumper
    $1200 3
(Alex: Take a [*].)

"Walk On The Wild Side"

Triple Stumper
    $1600 24
(Alex: Right, with less than a minute.)

Caligula

Kris
    $1600 9
Bertie Bott's

Kris
    $1,500 16
Sequoia National Park

Frédérique
    $1600 19
transubstantiation

Julia
    $1600 4
"Tiny Dancer"

Julia
    $2000 25
Attila the Hun

Triple Stumper
    $2,000 10
(Kris: What is... Hey Baby?)

Oh Henry!

Kris
    $2000 17
Manzanar

Triple Stumper
    $2000 20
(Julia: What is depressurization?)

decompression

JuliaKris
    $2000 5
"Maggie May"

Julia

Scores at the end of the Double Jeopardy! Round:

Frédérique Julia Kris
$7,800 $8,000 $5,200

[wagering suggestions for these scores]

Final Jeopardy! Round responses

HISTORIC GROUPS
KrisWhat are the cities I don't know
$1,000
FrédériqueWhat is the Hanseatic League?
$7,300
JuliaWhat is the Hanseatic League?
$7,605
the Hanseatic League

Final scores:

Frédérique Julia Kris
$15,100 $15,605 $4,200
2nd place: $2,000 New champion: $15,605 3rd place: $1,000

Game dynamics:

Coryat scores:

Frédérique Julia Kris
$8,400 $8,000 $7,200
13 R
(including 1 DD),
2 W
(including 1 DD)
16 R,
3 W
8 R,
4 W
(including 1 DD)

Combined Coryat: $23,600

The J! Archive is created by fans, for fans. The Jeopardy! game show and all elements thereof, including but not limited to copyright and trademark thereto, are the property of Jeopardy Productions, Inc. and are protected under law. This website is not affiliated with, sponsored by, or operated by Jeopardy Productions, Inc. Join the discussion at JBoard.tv.